[Event "Suizo"]
[White "jyanguas"]
[Black "jcferrer"]
[Date "2017.03.04"]
[Result "1-0"]
[WhiteElo "1661"]
[BlackElo "1613"]

1. e2-e4 e7-e5 2. Ng1-f3 Nb8-c6 3. Bf1-c4 Bf8-c5 4. d2-d3 d7-d6 5. Nf3-g5 Bc8-e6 6. Bc4xe6 f7xe6 7. Ng5xe6 Bc5xf2 8. Ke1-e2 Qd8-e7 9. Ne6xc7 Qe7xc7 10. Ke2xf2 Ng8-f6 11. Rh1-f1 O-O 12. Kf2-g1 Rf8-f7 13. c2-c3 Ra8-f8 14. Nb1-d2 Nc6-e7 15. Nd2-f3 Ne7-g6 16. h2-h3 Ng6-f4 17. Bc1-d2 Nf4xd3 18. Nf3-g5 Rf7-e7 19. Qd1-b3 Kg8-h8 20. Ng5-e6 Qc7-d7 21. Ne6xf8 Qd7-e8 22. Nf8xh7 Kh8xh7 23. Qb3-c2 Nd3-f4 24. Bd2xf4 e5xf4 25. e4-e5 Kh7-h8 26. e5xf6 g7xf6 27. Qc2-f2 Re7-e3 28. Ra1-e1 Re3xe1 29. Qf2xe1 Qe8-g6 30. Rf1xf4 Qg6-g5 31. Qe1-e8 Kh8-h7 32. Rf4-g4 Qg5-c1 33. Kg1-h2 f6-f5 34. Qe8-g8 Kh7-h6 35. Qg8-g6  1-0

[Event "Suizo"]
[White "arodriguez"]
[Black "basoto"]
[Date "2017.03.04"]
[Result "1-0"]
[WhiteElo "1865"]
[BlackElo "1606"]

1. d2-d4 d7-d5 2. c2-c4 Ng8-f6 3. c4xd5 Qd8xd5 4. Nb1-c3 Qd5-d8 5. e2-e4 e7-e6 6. Ng1-f3 h7-h6 7. Bf1-c4 Bf8-b4 8. Qd1-e2 O-O 9. O-O a7-a6 10. Rf1-d1 b7-b5 11. Bc4-b3 Bc8-b7 12. e4-e5 Nf6-d5 13. Nc3xd5 Bb7xd5 14. Bb3-c2 Nb8-d7 15. Bc1-f4 Nd7-b6 16. b2-b3 Ra8-c8 17. Qe2-d3 f7-f5 18. e5-f6 Qd8xf6 19. Qd3-h7 Kg8-f7 20. Bf4-e5 Rf8-h8 21. Be5xf6 Rh8xh7 22. Bc2xh7 g7xf6 23. Bh7-d3 Rc8-g8 24. Nf3-h4 Rg8-g4 25. g2-g3 f6-f5 26. Ra1-c1 c7-c6 27. Bd3-e2 Rg4-g7 28. Be2-h5 Kf7-e7 29. Nh4-g2 Rg7-g5 30. Bh5-e2 Bb4-d6 31. Ng2-e3 Ke7-d7 32. f2-f4 Bd6xf4 33. Kg1-f2 Bf4xe3 34. Kf2xe3 Nb6-c8 35. Be2-f3 Nc8-d6 36. Bf3xd5 e6xd5 37. Rd1-f1 Nd6-e4 38. Rf1-f4 h6-h5 39. Rc1-f1 Kd7-e6 40. Rf1-c1 Ke6-d7 41. Rc1-c2 Kd7-e6 42. Rc2xc6 Ke6-d7 43. Rc6xa6 b5-b4 44. Ra6-b6 Ne4-c3 45. Rb6xb4 Nc3xa2 46. Rb4-b5 Na2-c3 47. Rb5-c5 Nc3-a4 48. b3xa4  1-0

[Event "Suizo"]
[White "nrapetti"]
[Black "oiglesias"]
[Date "2017.03.04"]
[Result "0-1"]
[WhiteElo "1649"]
[BlackElo "1844"]

1. e2-e4 e7-e6 2. Ng1-f3 Bf8-e7 3. Nb1-c3 c7-c6 4. d2-d3 d7-d5 5. e4xd5 e6xd5 6. Bf1-e2 h7-h6 7. O-O Ng8-f6 8. h2-h3 Bc8-f5 9. Rf1-e1 Qd8-c7 10. Nf3-h4 Bf5-h7 11. a2-a3 O-O 12. Bc1-d2 d5-d4 13. Nc3-b1 Nf6-d5 14. Be2-f3 Be7xh4 15. Bf3xd5 c6xd5 16. Qd1-g4 Bh4-f6 17. Bd2xh6 Kg8-h8 18. Bh6-g5 Bf6xg5 19. Qg4xg5 Qc7xc2 20. Qg5xd5 Nb8-c6 21. Qd5-b5 Ra8-b8 22. Qb5-c4 Qc2xb2 23. Ra1-a2 Qb2-b6 24. Nb1-d2 Qb6-a5 25. Nd2-f3 Rb8-d8 26. Re1-b1 Qa5-c3 27. Rb1xb7 Qc3xc4 28. d3xc4 d4-d3 29. Rb7-c7 Nc6-d4 30. Rc7xa7 Nd4xf3 31. g2xf3 d3-d2  0-1

[Event "Suizo"]
[White "JLMOYA"]
[Black "maperezi"]
[Date "2017.03.04"]
[Result "1-0"]
[WhiteElo "1787"]
[BlackElo "1543"]

1. d2-d4 d7-d5 2. Bc1-f4 e7-e6 3. e2-e3 Nb8-c6 4. Ng1-f3 Bf8-d6 5. Bf4-g3 Bd6xg3 6. h2xg3 h7-h6 7. Bf1-d3 Ng8-f6 8. c2-c3 O-O 9. Nb1-d2 Rf8-e8 10. Nf3-e5 Nc6xe5 11. d4xe5 Nf6-d7 12. f2-f4 b7-b6 13. Nd2-f3 Bc8-b7 14. Bd3-c2 a7-a5 15. Qd1-d3 Bb7-a6 16. Qd3-h7 Kg8-f8 17. Nf3-d4 Qd8-c8 18. Nd4-c6 Ba6-b7 19. Qh7-h8  1-0

[Event "Suizo"]
[White "smberczely"]
[Black "dfunes"]
[Date "2017.03.04"]
[Result "0-1"]
[WhiteElo "1771"]
[BlackElo "1680"]

1. Ng1-f3 Nb8-c6 2. d2-d4 Ng8-f6 3. Nb1-c3 e7-e6 4. a2-a3 Bf8-e7 5. e2-e4 d7-d6 6. h2-h3 a7-a6 7. Bf1-d3 Bc8-d7 8. O-O O-O 9. Rf1-e1 Nf6-e8 10. Nc3-e2 f7-f5 11. e4xf5 e6xf5 12. Ne2-f4 Ne8-f6 13. Bd3-c4 Kg8-h8 14. Nf4-e6 Bd7xe6 15. Bc4xe6 Nf6-e4 16. d4-d5 Nc6-e5 17. Nf3xe5 d6xe5 18. f2-f4 Be7-c5 19. Kg1-h2 Qd8-h4 20. Qd1-f3 Qh4xe1 21. f4xe5 Qe1-g1  0-1

[Event "Suizo"]
[White "cebravo"]
[Black "jmartinezga"]
[Date "2017.03.04"]
[Result "0-1"]
[WhiteElo "1935"]
[BlackElo "1839"]

1. b2-b3 c7-c5 2. c2-c4 Nb8-c6 3. Bc1-b2 d7-d6 4. Nb1-c3 e7-e6 5. Ng1-f3 Ng8-f6 6. g2-g3 Bf8-e7 7. Bf1-g2 O-O 8. O-O d6-d5 9. c4xd5 e6xd5 10. d2-d4 b7-b6 11. d4xc5 b6xc5 12. Nf3-e5 Nc6xe5 13. Nc3xd5 Nf6xd5 14. Qd1xd5 Qd8xd5 15. Bg2xd5 Ra8-b8 16. Bb2xe5 Rb8-b6 17. Rf1-d1 Be7-f6 18. Be5xf6 Rb6xf6 19. Rd1-c1 Bc8-h3 20. Rc1xc5 Rf8-d8 21. Ra1-c1 Rf6-d6 22. e2-e4 Kg8-f8 23. Rc5-c7 f7-f5 24. Rc7-f7 Kf8-e8 25. Rc1-c7 Rd8-b8 26. Rf7xg7 Ke8-d8 27. Rg7-g8 Kd8xc7 28. Rg8-g7 Rd6-d7 29. Rg7-g5 f5xe4 30. Bd5xe4 Rd7-d1  0-1

[Event "Suizo"]
[White "basoto"]
[Black "mserrano"]
[Date "2017.03.04"]
[Result "1-0"]
[WhiteElo "1610"]
[BlackElo "1595"]

1. e2-e4 e7-e5 2. Ng1-f3 d7-d6 3. h2-h3 Ng8-f6 4. Nb1-c3 g7-g6 5. Bf1-c4 Qd8-e7 6. d2-d3 Bf8-g7 7. Bc1-g5 Bc8-e6 8. O-O Nb8-d7 9. Nc3-d5 Be6xd5 10. Bc4xd5 c7-c6 11. Bd5-b3 O-O 12. Qd1-d2 h7-h6 13. Bg5xh6 Bg7xh6 14. Qd2xh6 Nf6-h7 15. Qh6-e3 Nd7-f6 16. Nf3-h2 Qe7-d7 17. f2-f4 b7-b6 18. f4-f5 d6-d5 19. f5xg6 f7xg6 20. e4xd5 c6xd5 21. Qe3xe5 Ra8-e8 22. Qe5-g3 Kg8-g7 23. Nh2-g4 b6-b5 24. Qg3-f3 Nf6-h5 25. Qf3xd5 Qd7-e7 26. Qd5-d4 Nh7-f6 27. Ng4xf6 Rf8xf6 28. Rf1xf6 Qe7xf6 29. Qd4xa7 Re8-e7 30. Qa7-b8 Qf6-d4 31. Kg1-h2 Qd4xb2 32. Qb8-g8 Kg7-h6 33. Qg8-f8 Re7-g7 34. Ra1-f1 Qb2-e5 35. Kh2-g1 Qe5-d4 36. Qf8-f2 Qd4-e5 37. g2-g4 Qe5-g3 38. Qf2xg3 Nh5xg3 39. Rf1-f8 Ng3-e2 40. Kg1-f2 Ne2-d4 41. Rf8-d8 Nd4-e6 42. Rd8-b8 Ne6-f4 43. Kf2-g3 Kh6-g5 44. h3-h4 Kg5-f6 45. Kg3xf4 g6-g5 46. h4xg5 Rg7xg5 47. Rb8-f8 Kf6-e7 48. Rf8-f7 Ke7-e8 49. Kf4xg5 b5-b4 50. Kg5-f6 Ke8-d8 51. g4-g5 Kd8-e8 52. g5-g6 Ke8-d8 53. g6-g7  1-0

[Event "Suizo"]
[White "jcferrer"]
[Black "wvelandia"]
[Date "2017.03.04"]
[Result "1-0"]
[WhiteElo "1622"]
[BlackElo "1578"]

1. e2-e4 Nb8-c6 2. Ng1-f3 Ng8-f6 3. Nb1-c3 d7-d6 4. Bf1-b5 Bc8-e6 5. O-O Qd8-d7 6. Rf1-e1 O-O-O 7. d2-d4 Kc8-b8 8. d4-d5 Be6xd5 9. e4xd5 Nc6-b4 10. Bb5xd7 Rd8xd7 11. a2-a3 Nb4xd5 12. Nc3xd5 Nf6xd5 13. Qd1xd5 e7-e6 14. Qd5-b5 Rd7-d8 15. Nf3-d4 c7-c6 16. Nd4xc6 Kb8-a8 17. Nc6xd8 Bf8-e7 18. Qb5xb7  1-0

[Event "Suizo"]
[White "vpenaa"]
[Black "arodriguez"]
[Date "2017.03.04"]
[Result "0-1"]
[WhiteElo "1564"]
[BlackElo "1861"]

1. e2-e4 c7-c5 2. Bf1-c4 e7-e6 3. d2-d3 Nb8-c6 4. a2-a3 Ng8-f6 5. h2-h3 d7-d5 6. Bc4-b3 d5xe4 7. d3xe4 Qd8xd1 8. Ke1xd1 Nf6xe4 9. Bc1-e3 Bf8-e7 10. Ng1-f3 O-O 11. Kd1-e2 b7-b6 12. Rh1-d1 Bc8-a6 13. Ke2-e1 Rf8-d8 14. Rd1xd8 Ra8xd8 15. c2-c3 Nc6-a5 16. Bb3-a2 c5-c4 17. a3-a4 Ne4-c5 18. b2-b4 c4-b3 19. Be3xc5 b3-b2 20. Bc5xe7 Rd8-d7 21. Be7-b4 b2xa1=Q 22. Bb4xa5 Qa1xa2 23. Nf3-d2 b6xa5 24. Nb1-a3 Qa2xd2  0-1

[Event "Suizo"]
[White "jmartinezga"]
[Black "JLMOYA"]
[Date "2017.03.04"]
[Result "1-0"]
[WhiteElo "1826"]
[BlackElo "1783"]

1. e2-e4 e7-e6 2. d2-d4 d7-d5 3. e4-e5 c7-c5 4. c2-c3 Qd8-b6 5. Ng1-f3 Nb8-c6 6. a2-a3 Ng8-h6 7. Bf1-d3 Bc8-d7 8. O-O a7-a5 9. Bd3-c2 Nh6-f5 10. Bc2xf5 e6xf5 11. Rf1-e1 Bf8-e7 12. b2-b3 O-O 13. d4xc5 Be7xc5 14. Bc1-e3 Bc5xe3 15. Re1xe3 Bd7-e6 16. Nf3-d4 Nc6xd4 17. c3xd4 Ra8-c8 18. Re3-c3 Rc8xc3 19. Nb1xc3 Rf8-c8 20. Ra1-c1 Qb6-a6 21. Nc3-a4 b7-b5 22. Na4-c5 Qa6-a8 23. Qd1-d3 b5-b4 24. a3-a4 g7-g6 25. h2-h4 Rc8-c6 26. g2-g3 Qa8-c8 27. Qd3-d2 Kg8-g7 28. f2-f4 Qc8-c7 29. Kg1-f2 Qc7-c8 30. Rc1-h1 h7-h5 31. Rh1-c1 Kg7-g8 32. Qd2-d3 Qc8-c7 33. Kf2-e2 Qc7-c8 34. Ke2-d2 Kg8-f8 35. Qd3-b5 Be6-d7 36. Nc5xd7 Qc8xd7 37. Qb5xc6 Qd7xc6 38. Rc1xc6  1-0

[Event "Suizo"]
[White "oiglesias"]
[Black "smberczely"]
[Date "2017.03.04"]
[Result "0-1"]
[WhiteElo "1839"]
[BlackElo "1787"]

1. c2-c4 e7-e5 2. Nb1-c3 Nb8-c6 3. e2-e3 Bf8-b4 4. Nc3-d5 Ng8-f6 5. Nd5xb4 Nc6xb4 6. a2-a3 Nb4-c6 7. b2-b4 a7-a6 8. Bc1-b2 d7-d6 9. Bf1-e2 O-O 10. h2-h3 Bc8-e6 11. Ra1-c1 Qd8-d7 12. Ng1-f3 h7-h6 13. d2-d4 e5-e4 14. Nf3-h2 Nc6-e7 15. d4-d5 Be6-f5 16. Bb2xf6 g7xf6 17. Be2-g4 Bf5xg4 18. Nh2xg4 Kg8-g7 19. Qd1-d4 Qd7-f5 20. O-O h6-h5 21. Ng4-h2 Ne7-g6 22. f2-f3 Rf8-h8 23. f3xe4 Qf5-g5 24. Rf1-f5 Qg5-h4 25. Rc1-f1 Ng6-e5 26. Nh2-f3 Qh4-g3 27. Nf3xe5 d6xe5 28. Qd4-d2 Rh8-h6 29. c4-c5 Ra8-d8 30. d5-d6 c7-c6 31. d6-d7 Rh6-g6 32. Kg1-h1 Rd8xd7 33. Qd2-f2 Qg3xf2 34. Rf1xf2 Rd7-d3 35. Rf5xh5 Rd3xe3 36. Rh5-h4 Re3xa3 37. Kh1-h2 Ra3-d3 38. Rf2-b2 Rd3-d4 39. Rh4-g4 Rg6xg4 40. h3xg4 Rd4xe4 41. Kh2-g3 Kg7-g6 42. Kg3-f3 Re4-d4 43. g2-g3 Kg6-g5 44. Rb2-b3 Rd4xg4 45. Kf3-g2 Rg4-d4 46. Kg2-f3 Kg5-f5 47. Kf3-g2 Kf5-g4 48. Kg2-f2 f6-f5 49. Kf2-g2 Rd4-d2 50. Kg2-f1 f5-f4 51. g3xf4 e5xf4 52. Kf1-e1 Rd2-h2 53. Ke1-f1 f4-f3 54. Kf1-g1 Rh2-g2 55. Kg1-f1 Kg4-g3 56. Rb3-c3 Rg2-b2 57. Rc3-c1 Rb2xb4 58. Kf1-e1 Rb4-d4 59. Rc1-c3 Kg3-g2 60. Rc3-c2 Kg2-g1 61. Rc2-b2 Rd4-e4 62. Ke1-d2 f3-f2 63. Kd2-d3 f2-f1=Q 64. Kd3xe4 Qf1-e1 65. Ke4-d3 Qe1-g3 66. Kd3-c4 Qg3-f4 67. Kc4-c3 Qf4-e5 68. Kc3-c2 Qe5xc5 69. Kc2-b1 b7-b5 70. Kb1-a2 f7-f5 71. Ka2-b3 f5-f4 72. Rb2-b1 Kg1-g2 73. Rb1-b2 Kg2-g3 74. Rb2-c2 Qc5-d5 75. Kb3-b2 f4-f3 76. Rc2-c3 Qd5-d4 77. Kb2-b3 Qd4-a4 78. Kb3-b2 b5-b4 79. Rc3-d3 Kg3-g2 80. Rd3-d2 f3-f2 81. Rd2-c2 Kg2-g1 82. Rc2-c1 f2-f1=Q 83. Rc1-c5 Qf1-f2 84. Kb2-b1 Qa4-a2 85. Kb1-c1 Qa2-a1  0-1

[Event "Suizo"]
[White "dfunes"]
[Black "nrapetti"]
[Date "2017.03.04"]
[Result "1-0"]
[WhiteElo "1664"]
[BlackElo "1654"]

1. e2-e4 e7-e5 2. Ng1-f3 Nb8-c6 3. Bf1-c4 d7-d6 4. c2-c3 Ng8-f6 5. Nf3-g5 Bc8-g4 6. f2-f3 Bg4-h5 7. O-O h7-h6 8. Ng5-h3 Bf8-e7 9. Qd1-e1 O-O 10. d2-d3 d6-d5 11. Bc4-b3 d5-d4 12. Qe1-g3 d4xc3 13. Nb1xc3 Qd8xd3 14. Bc1xh6 Bh5-g6 15. Qg3xg6 Nf6-e8 16. Bh6-g5 Qd3-d6 17. Qg6-h5 Ne8-f6 18. Bg5xf6 Qd6xf6 19. Nc3-d5 Qf6-h6 20. Qh5xh6 g7xh6 21. Nd5xc7 Be7-c5 22. Kg1-h1 Ra8-c8 23. Nc7-d5 Nc6-d4 24. Ra1-c1 Nd4xb3 25. a2xb3 Bc5-d4 26. Nd5-e7 Kg8-h7 27. Rc1xc8 Rf8xc8 28. Ne7xc8 a7-a6 29. f3-f4 Kh7-g6 30. f4xe5 Bd4xe5 31. Nc8-e7 Kg6-g7 32. Ne7-f5 Kg7-h7 33. Rf1-d1 Be5xb2 34. Rd1-d7 Kh7-g6 35. Rd7xb7 Bb2-e5 36. g2-g3 a6-a5 37. Nh3-f4 Kg6-g5 38. Rb7-b5 f7-f6 39. Rb5xa5 Kg5-g4 40. b3-b4 Be5xf4 41. g3xf4 Kg4xf4 42. b4-b5 Kf4xe4 43. Nf5-g3 Ke4-d4 44. b5-b6 Kd4-c4 45. b6-b7  1-0

[Event "Suizo"]
[White "maperezi"]
[Black "cebravo"]
[Date "2017.03.04"]
[Result "0-1"]
[WhiteElo "1547"]
[BlackElo "1948"]

1. e2-e4 e7-e6 2. d2-d4 d7-d5 3. e4-e5 c7-c5 4. d4xc5 Nb8-c6 5. Bc1-e3 d5-d4 6. Be3-f4 Bf8xc5 7. Ng1-f3 h7-h6 8. Bf1-b5 Qd8-a5 9. Qd1-d2 Qa5xb5 10. Nb1-a3 Qb5xb2 11. c2-c4 Qb2xa1 12. Ke1-e2  0-1

[Event "Suizo"]
[White "nrapetti"]
[Black "vpenaa"]
[Date "2017.03.04"]
[Result "1-0"]
[WhiteElo "1665"]
[BlackElo "1568"]

1. e2-e4 e7-e5 2. Ng1-f3 d7-d6 3. Bf1-c4 a7-a6 4. O-O h7-h6 5. Nb1-c3 Bf8-e7 6. d2-d3 Ng8-f6 7. h2-h3 O-O 8. Rf1-e1 Nb8-c6 9. a2-a3 Bc8-e6 10. Bc4xe6 f7xe6 11. Bc1-e3 Nf6-h7 12. d3-d4 e5xd4 13. Nf3xd4 e6-e5 14. Nd4-e6 Qd8-e8 15. Ne6xc7 Qe8-d8 16. Nc7xa8 Qd8xa8 17. Nc3-d5 Nh7-f6 18. Nd5xe7 Nc6xe7 19. Qd1xd6 Ne7-c6 20. Be3-c5 Rf8-d8 21. Qd6-e6 Kg8-h8 22. Ra1-d1 Rd8-e8 23. Qe6-f5 Qa8-b8 24. Bc5-e3 Nc6-e7 25. Qf5-f3 b7-b5 26. Be3xh6 g7xh6 27. Qf3xf6 Kh8-h7 28. Rd1-d6 Qb8-c7 29. Qf6xh6 Kh7-g8 30. Qh6-g5 Kg8-h8 31. Rd6-h6  1-0

[Event "Suizo"]
[White "smberczely"]
[Black "wvelandia"]
[Date "2017.03.04"]
[Result "1-0"]
[WhiteElo "1772"]
[BlackElo "1589"]

1. Ng1-f3 Nb8-c6 2. d2-d4 Ng8-f6 3. Nb1-c3 d7-d5 4. h2-h3 Bc8-f5 5. Bc1-g5 Nc6-b4 6. Bg5xf6 Nb4xc2 7. Ke1-d2 Nc2xa1 8. Bf6-h4 Na1-c2 9. a2-a3 Qd8-d6 10. Bh4-g3 Qd6-b6 11. Qd1-c1 O-O-O 12. Nf3-h4 Nc2xd4 13. Nh4xf5 Nd4xf5 14. Bg3-h2 e7-e6 15. e2-e3 d5-d4 16. e3xd4 Qb6xd4 17. Kd2-c2 Qd4xf2 18. Kc2-b1 Qf2-b6 19. Nc3-a4 Qb6-a5 20. b2-b4 Rd8-d1 21. Qc1xd1 Qa5-d5 22. Qd1-c2 Bf8-d6 23. Bh2xd6 Nf5xd6 24. Bf1-d3 g7-g6 25. Rh1-c1 c7-c6 26. Na4-c3 Qd5-e5 27. Nc3-a4 Kc8-b8 28. Na4-c5 Rh8-d8 29. a3-a4 Nd6-c8 30. b4-b5 Nc8-b6 31. b5xc6 b7xc6 32. Nc5-a6 Kb8-b7 33. Qc2xc6  1-0

[Event "Suizo"]
[White "JLMOYA"]
[Black "basoto"]
[Date "2017.03.04"]
[Result "1-0"]
[WhiteElo "1794"]
[BlackElo "1597"]

1. d2-d4 d7-d5 2. Ng1-f3 h7-h6 3. Bc1-f4 Ng8-f6 4. e2-e3 Nb8-c6 5. h2-h3 a7-a6 6. Nb1-d2 Bc8-f5 7. c2-c4 e7-e6 8. a2-a3 Bf8-e7 9. Bf1-e2 O-O 10. O-O Rf8-e8 11. Ra1-c1 Be7-d6 12. Nf3-e5 Nc6-a7 13. c4-c5 Bd6xe5 14. d4xe5 Nf6-d7 15. Nd2-f3 Qd8-e7 16. b2-b4 Na7-b5 17. a3-a4 Nb5-a7 18. Nf3-d4 Na7-c6 19. Nd4xc6 b7xc6 20. Bf4-g3 Re8-b8 21. Qd1-d2 f7-f6 22. e5xf6 Qe7xf6 23. Bg3xc7 Rb8-f8 24. Bc7-d6 Rf8-f7 25. Qd2-d4 Qf6xd4 26. e3xd4 Nd7-f6 27. Rf1-e1 Nf6-e4 28. Bd6-e5 a6-a5 29. b4-b5 c6xb5 30. Be2xb5 Bf5-h7 31. f2-f3 Ne4-f6 32. c5-c6 Ra8-c8 33. Bb5-a6 Rc8-a8 34. Ba6-b7 Ra8-f8 35. c6-c7  1-0

[Event "Suizo"]
[White "jmartinezga"]
[Black "mserrano"]
[Date "2017.03.04"]
[Result "1-0"]
[WhiteElo "1817"]
[BlackElo "1608"]

1. e2-e4 b7-b6 2. d2-d4 e7-e6 3. Ng1-f3 Bc8-b7 4. Nb1-c3 Ng8-f6 5. Bf1-d3 d7-d5 6. e4-e5 Nf6-e4 7. O-O Ne4xc3 8. b2xc3 f7-f6 9. e5xf6 Qd8xf6 10. Bc1-g5 Qf6-f7 11. Nf3-e5 Qf7-f6 12. Bg5xf6 g7xf6 13. Qd1-h5 Ke8-e7 14. Qh5-f7 Ke7-d8 15. Qf7xf6 Kd8-c8 16. Qf6xh8 Nb8-d7 17. Ne5xd7 Kc8xd7 18. Qh8xh7 Kd7-e8 19. Qh7xc7 Bb7-c8 20. Qc7-c6 Bc8-d7 21. Qc6xa8 Ke8-e7 22. f2-f4 e6-e5 23. f4xe5 Bf8-g7 24. Qa8xd5 Bd7-e6 25. Qd5-d6 Ke7-e8 26. Bd3-b5 Be6-d7 27. Qd6xd7  1-0

[Event "Suizo"]
[White "oiglesias"]
[Black "jcferrer"]
[Date "2017.03.04"]
[Result "1-0"]
[WhiteElo "1851"]
[BlackElo "1613"]

1. c2-c4 e7-e5 2. e2-e3 Nb8-c6 3. Bf1-e2 Bf8-c5 4. a2-a3 a7-a6 5. Nb1-c3 Ng8-f6 6. b2-b4 Bc5-a7 7. Bc1-b2 Nc6-e7 8. Qd1-c2 d7-d6 9. Nc3-e4 Nf6xe4 10. Qc2xe4 Ne7-g6 11. h2-h4 f7-f5 12. Qe4-c2 Ng6xh4 13. O-O-O Nh4xg2 14. Be2-h5 g7-g6 15. Bh5xg6 Ke8-f8 16. Bg6xf5 Bc8xf5 17. Qc2xf5 Kf8-e8 18. Rh1xh7 Rh8xh7 19. Qf5xh7 Ng2-h4 20. Qh7-g8 Ke8-d7 21. Qg8-g4 Kd7-e8 22. Ng1-e2 Ra8-b8 23. Rd1-h1 Qd8-f6 24. Qg4xh4 Ke8-d7 25. Qh4xf6  1-0

[Event "Suizo"]
[White "arodriguez"]
[Black "dfunes"]
[Date "2017.03.04"]
[Result "0-1"]
[WhiteElo "1858"]
[BlackElo "1651"]

1. d2-d4 Ng8-f6 2. c2-c4 c7-c6 3. Nb1-c3 e7-e6 4. Ng1-f3 Bf8-b4 5. Nf3-d2 O-O 6. e2-e3 d7-d5 7. Qd1-c2 Nb8-d7 8. a2-a3 Bb4xc3 9. b2xc3 e6-e5 10. c4xd5 c6xd5 11. Bc1-b2 e5-e4 12. c3-c4 Nd7-b6 13. c4xd5 Nb6xd5 14. Nd2xe4 Bc8-f5 15. Ne4xf6 Qd8xf6 16. Bf1-d3 Ra8-c8 17. Qc2-d2 Bf5-g6 18. O-O a7-a6 19. Ra1-e1 b7-b5 20. e3-e4 Nd5-f4 21. d4-d5 Qf6-g5 22. Qd2-e3 Qg5xg2  0-1

[Event "Suizo"]
[White "cebravo"]
[Black "jyanguas"]
[Date "2017.03.04"]
[Result "1-0"]
[WhiteElo "1947"]
[BlackElo "1651"]

1. b2-b3 e7-e5 2. e2-e3 d7-d5 3. Bc1-b2 Nb8-c6 4. Bf1-b5 Bf8-d6 5. Ng1-f3 a7-a6 6. Bb5xc6 b7xc6 7. Bb2xe5 Bd6xe5 8. Nf3xe5 Qd8-g5 9. Ne5-f3 Qg5-f6 10. d2-d4 Bc8-g4 11. h2-h3 Bg4-h5 12. Nb1-d2 Ng8-e7 13. O-O O-O 14. g2-g4 Bh5-g6 15. Nf3-e5 Ra8-d8 16. Ra1-c1 c6-c5 17. c2-c3 c5xd4 18. c3xd4 c7-c6 19. Qd1-e2 Bg6-e4 20. Nd2xe4 d5xe4 21. f2-f3 Qf6-h4 22. Kg1-g2 f7-f5 23. f3xe4 f5xg4 24. Qe2xg4 Qh4-h6 25. Qg4-e2 Qh6-g5 26. Kg2-h2 c6-c5 27. Qe2-c4 Kg8-h8 28. Qc4xc5 Rf8xf1 29. Rc1xf1 Kh8-g8 30. Qc5-b6 Rd8-f8 31. Rf1xf8 Kg8xf8 32. Qb6-d8  1-0